| 000 | 00522nam a2200193Ia 4500 | ||
|---|---|---|---|
| 005 | 20250312070723.0 | ||
| 008 | 240331s9999 xx 000 0 und d | ||
| 020 | _a0674884167 | ||
| 082 |
_a301 _bTHI _21000 |
||
| 100 | _aShweder, R. A | ||
| 245 | 0 |
_aThinking Through Cultures: _bExpeditions in Cultural Psychology |
|
| 260 |
_aMassachusetts; _aLondon, _bHarvard University Press _c1991 |
||
| 300 | _aix, 404 p., | ||
| 650 | _aCulture | ||
| 650 | _aSociety | ||
| 650 | _aMorality | ||
| 650 | _aAnthropology | ||
| 942 | _cL | ||
| 999 |
_c1043 _d1043 |
||